00762nam a22001695i 4500001000700000003000900007005001700016008004100033040002000074100002900094245022300123260009800346300004400444650001700488650001400505852007300519158773ES-MaACL20230906211317.0040906s1882 fr a |||| | fre d aCAM bspa cCAM1 aMarion, Antoine-Fortune.10aApplication du sulfure de carbone au traitement des vignes phylloséréesb: 5e et 6e annés : rapport sur les travaux des années 1880 et 1881 et sur les résultats obtenus en grande culture / cpar A.-F. Marion. aParis : bSociété d'imprimerie adminsitrative et des chemins de fer, Paul Dupont, c1882. a40 p., [2] h. de lám. col. ; c27 cm. 4aViticultura. 4aFiloxera. aES-MaACLjT-664-F-5 z-- Enc. hol. conservando la cub. original q--